Catálogo

Diego Rivera : (Registro nro. 24949)

Detalles MARC
000 -LEADER
fixed length control field 01372cam a2200325 i 4500
001 - CONTROL NUMBER
control field 24949
003 - CONTROL NUMBER IDENTIFIER
control field Mx-PuUPA
005 - DATE AND TIME OF LATEST TRANSACTION
control field 20251104130242.0
008 - FIXED-LENGTH DATA ELEMENTS--GENERAL INFORMATION
fixed length control field 140415s1986 mx a gr 001 0dspa d
020 ## - INTERNATIONAL STANDARD BOOK NUMBER
International Standard Book Number 9682910862
040 ## - CATALOGING SOURCE
Transcribing agency Mx-PuUPA
Original cataloging agency Mx-PuUPA
Language of cataloging spa
Modifying agency Mx-PuUPA
Description conventions rda
041 0# - LANGUAGE CODE
Language code of text/sound track or separate title spa
043 ## - GEOGRAPHIC AREA CODE
Geographic area code n-mx---
100 1# - MAIN ENTRY--PERSONAL NAME
Personal name Rivera, Diego,
Dates associated with a name 1886-1957
9 (RLIN) 17495
Relator term autor
245 10 - TITLE STATEMENT
Title Diego Rivera :
Remainder of title los murales en la Secretaría de Educación Pública /
Statement of responsibility, etc. Diego Rivera ; ensayo Luis Cardoza y Aragón ; introducción y comentarios de Antonio Rodríguez
250 ## - EDITION STATEMENT
Edition statement Primera edición
264 #1 - PRODUCTION, PUBLICATION, DISTRIBUTION, MANUFACTURE, AND COPYRIGHT NOTICE
Place of production, publication, distribution, manufacture México, D.F. :
Name of producer, publisher, distributor, manufacturer Dirección General de Publicaciones y Medios,
Date of production, publication, distribution, manufacture, or copyright notice 1986
300 ## - PHYSICAL DESCRIPTION
Extent 201 páginas :
Other physical details ilustraciones (principalmente a color) ;
Dimensions 29 cm
336 ## - CONTENT TYPE
Fuente rdacontent
Content type term texto
Content type code txt
337 ## - MEDIA TYPE
Source rdamedia
Media type term sin medio
Media type code n
338 ## - CARRIER TYPE
Source rdacarrier
Carrier type term volumen
Carrier type code nc
650 #7 - SUBJECT ADDED ENTRY--TOPICAL TERM
Source of heading or term armarc
Topical term or geographic name entry element Arte
Geographic subdivision México
Chronological subdivision Siglo XX
650 #7 - SUBJECT ADDED ENTRY--TOPICAL TERM
Source of heading or term armarc
Topical term or geographic name entry element Pintura mural
General subdivision Decoración y ornamentación
Geographic subdivision México
700 1# - ADDED ENTRY--PERSONAL NAME
Personal name Cardoza y Aragón, Luis,
Relator term autor de ensayo crítico
700 1# - ADDED ENTRY--PERSONAL NAME
Personal name Rodríguez, Antonio,
Relator term autor de introducción y comentarios
942 ## - ADDED ENTRY ELEMENTS (KOHA)
Suppress in OPAC
Source of classification or shelving scheme Dewey Decimal Classification
Koha item type Libro
Classification part 759.972
Item part R66
Existencias
Withdrawn status Lost status Source of classification or shelving scheme Damaged status Not for loan Collection code Home library Current library Shelving location Date acquired Source of acquisition Cost, normal purchase price Total Checkouts Full call number Barcode Date last seen Cost, replacement price Price effective from Koha item type
    Dewey Decimal Classification     General Biblioteca Karol Wojtyla Biblioteca Karol Wojtyla Sala general 03/12/2013 Donación 0.00   759.972 R66 1986 46585 05/01/2026 0.00 03/12/2013 Libro